| 000 | 01401nam a2200385Ia 4500 | ||
|---|---|---|---|
| 001 | CRC00E72773PDF | ||
| 003 | BD-DhSAU | ||
| 005 | 20151012144309.0 | ||
| 006 | m|||||o||d|||||||| | ||
| 007 | cr|||| | ||
| 008 | 080325s2008 flu sb 001 0 eng d | ||
| 020 | _a9781420072785 (ebook : PDF) | ||
| 040 |
_aBD-DhSAU _cBD-DhSAU |
||
| 090 |
_aS589.7 _b.G48 2008 |
||
| 092 |
_a630 _bG536 |
||
| 100 | 1 | _aGitau, Thomas. | |
| 245 | 1 | 0 |
_aIntegrated assessment of health and sustainability of agroecosystems _h[electronic resource] / _cThomas Gitau, Margaret W. Gitau, David Waltner-Toews. |
| 260 |
_aBoca Raton : _bTaylor & Francis, _c2008. |
||
| 300 | _a256 p. | ||
| 490 | 0 | _aAdvances in agroecology | |
| 504 | _aIncludes bibliographical references and index. | ||
| 530 |
_aAlso available in print edition. _bCRC Press (http://www.crcpress.com) |
||
| 538 | _aMode of access: World Wide Web. | ||
| 650 | 0 | _aAgricultural ecology. | |
| 650 | 0 | _aSustainable agriculture. | |
| 650 | 0 | _aAgroforestry. | |
| 650 | 0 | _aAgrobiodiversity. | |
| 650 | 0 | _aSoil ecology. | |
| 650 | 0 | _aTillage. | |
| 655 | 7 |
_aElectronic books. _2lcsh |
|
| 700 | 1 | _aGitau, Margaret W. | |
| 700 | 1 |
_aWaltner-Toews, David, _d1948- |
|
| 776 | 1 | _z9781420072778 | |
| 856 | 4 | 0 |
_uhttp://marc.crcnetbase.com/isbn/9781420072785 _qapplication/PDF |
| 999 |
_c12082 _d12081 |
||